书目信息 |
| 题名: |
少数民族服饰图案在服装设计中的应用
|
|
| 作者: | 谢青 著 | |
| 分册: | ||
| 出版信息: | 北京 中国纺织出版社 2019.07 |
|
| 页数: | 213页 | |
| 开本: | 24cm | |
| 丛书名: | ||
| 单 册: | ||
| 中图分类: | TS941.2 | |
| 科图分类: | ||
| 主题词: | 少数民族--shao shu min zu--民族服饰--服饰图案--应用--服装设计 | |
| 电子资源: | ||
| ISBN: | 978-7-5180-4683-6 | |
| 000 | 01089nam0 2200241 450 | |
| 001 | CAL 0120192690991 | |
| 005 | 20230217093111.0 | |
| 010 | @a978-7-5180-4683-6@dCNY62.00 | |
| 100 | @a20190321d2019 em y0chiy0120 ea | |
| 101 | 0 | @achi |
| 102 | @aCN@b110000 | |
| 105 | @aa a 000yy | |
| 106 | @ar | |
| 200 | 1 | @a少数民族服饰图案在服装设计中的应用@Ashao shu min zu fu shi tu an zai fu zhuang she ji zhong de ying yong@f谢青著 |
| 210 | @a北京@c中国纺织出版社@d2019.07 | |
| 215 | @a213页@c图@d24cm | |
| 320 | @a有书目 (第211-213页) | |
| 330 | @a本书以大量珍贵、精美的实物照片和翔实的数据, 生动、客观地展示了中国少数民族极富特色的传统服饰的色彩、造型、纹样、穿戴习俗和民族文化, 并对少数民族服饰的历史与现状、外在特征与文化内涵进行了比较, 从设计文化的角度分析民族服饰中蕴含的设计元素, 同时分析民族元素在当前国际时尚界的价值和借鉴方法, 探讨了将民族元素融入服装设计的思路和方法。 | |
| 606 | 0 | @a少数民族@Ashao shu min zu@x民族服饰@x服饰图案@x应用@x服装设计 |
| 690 | @aTS941.2@v5 | |
| 701 | 0 | @a谢青@Axie qing@4著 |
| 801 | 0 | @aCN@bBJXHZP@c20230228 |
| 905 | @b1397928-31@dTS941.2@e124@f4 | |
| 少数民族服饰图案在服装设计中的应用/谢青著.-北京:中国纺织出版社,2019.07 |
| 213页:图;24cm |
| ISBN 978-7-5180-4683-6:CNY62.00 |
| 本书以大量珍贵、精美的实物照片和翔实的数据, 生动、客观地展示了中国少数民族极富特色的传统服饰的色彩、造型、纹样、穿戴习俗和民族文化, 并对少数民族服饰的历史与现状、外在特征与文化内涵进行了比较, 从设计文化的角度分析民族服饰中蕴含的设计元素, 同时分析民族元素在当前国际时尚界的价值和借鉴方法, 探讨了将民族元素融入服装设计的思路和方法。 |
| ● |
| 相关链接 |
|
|
|
|
正题名:少数民族服饰图案在服装设计中的应用
索取号:TS941.2/124
 
预约/预借
| 序号 | 登录号 | 条形码 | 馆藏地/架位号 | 状态 | 备注 |
| 1 | 1397928 | 213979284 | 第二样本阅览室/ [索取号:TS941.2/124] | 在馆 | |
| 2 | 1397929 | 213979293 | 第三借阅区/ [索取号:TS941.2/124] | 在馆 | |
| 3 | 1397930 | 213979300 | 第三借阅区/ [索取号:TS941.2/124] | 在馆 | |
| 4 | 1397931 | 213979319 | 第三借阅区/ [索取号:TS941.2/124] | 在馆 |